000 00475cam a2200157 4500500
005 20260329003721.0
041 _afre
042 _adc
100 1 0 _aGoron, Gaëtan
_eauthor
245 0 0 _aMots croisés #25
260 _c2016.
500 _a40
690 _aMots croisés
786 0 _nPhilosophie magazine | 102 | 9 | 2016-09-01 | p. 80-80 | 1951-1787
856 4 1 _uhttps://shs.cairn.info/magazine-philosophie-magazine-2016-9-page-80?lang=fr&redirect-ssocas=7080
999 _c1827008
_d1827008